000 00400nam a2200133Ia 4500
005 20251222144853.0
008 251222s9999||||xx |||||||||||||| ||spa||
020 _a978-603-4011-07-6
082 _a379.2/R21
100 _aRama Vitale, Claudio
245 0 _aTendencias de la Educación Superior en América Latina y el Caribe en el Siglo XXI
264 _bAsamblea Nacional de Rectores
942 _cLIB
999 _c21684
_d21684